Minimal sound solutions. [minimal music for TV and radio postproduction / [1]

Hlavní autor: Hrubeš, Pavel, 1957-
Vydáno: Praha : Zdeněk Nedvěd - Studio Fontána, p2003
Edice: Fontana music library
Témata:
Fyzický popis: 1 zvuková deska (60:20) : digital ; 12 cm + 1 leták (12 x 12 cm)
Zvukové nahrávky
Uloženo v:
LEADER 01469njm a2200361 a 4500
001 000848545
003 CZ BrMZK
005 20231027081133.0
007 sd fsngnnmmned
008 070420s2003 xr ||nn
028 0 1 |a FN 149  |b Zdeněk Nedvěd - Studio Fontána 
040 |a BOA001  |b cze 
080 |a 789.983  |2 MRF 
080 |a 78.038.42  |2 MRF 
080 |a (086.76)  |2 MRF 
100 1 |a Hrubeš, Pavel,  |d 1957-  |7 jx20040625013  |4 cmp  |4 itr 
245 1 0 |a Minimal sound solutions.  |n [1]  |h [zvukový záznam] :  |b [minimal music for TV and radio postproduction /  |c hudba Pavel Hrubeš] 
260 |a Praha :  |b Zdeněk Nedvěd - Studio Fontána,  |c p2003 
300 |a 1 zvuková deska (60:20) :  |b digital ;  |c 12 cm +  |e 1 leták (12 x 12 cm) 
306 |a 010020 
490 1 |a Fontana Music Library 
500 |a Název převzat z obalu 
500 |a Kompaktní deska (ADD) 
505 0 0 |t Mise B-4 --  |t Mise B-7 --  |t Mise A-2 --  |t Mise B-15 --  |t Mise A-3 --  |t Mise A-13 --  |t Mise A-11 --  |t Mise A-6 --  |t Mise B-10 --  |t Mise A-7 --  |t Mise B-14 --  |t Mise B-13 --  |t Mise B-2 
508 |a Producent Zdeněk Nedvěd 
511 1 |a Pavel Hrubeš 
650 0 7 |a elektronická hudba  |7 ph114446  |2 czenas 
650 0 7 |a minimal music  |7 ph174186  |2 czenas 
655 7 |a kompaktní desky  |7 fd201991  |2 czenas 
830 0 |a Fontana music library 
910 |a BOA001  |b CD-0013.794,1 
990 |a AV 
996 6 |b 261H015218  |c CD-0013.794,1  |l MZK  |r Sklad / do 24 hodin  |n 0  |w 000848545  |u 000010  |a 1  |e BOA001  |j MZK50  |s P